Personnages célèbres années 2000 - Statistiques

Statistiques générales
  • Ce quiz a été pris 223 fois
  • Le résultat moyen est 8 sur 14
Statistiques - réponses
informations personnages % Correct
il est l'acteur principal de brice de nice Jean Dujardin
99%
Jack Dawson dans Titanic Leonardo DiCaprio
90%
elle est la chanteuse de toxic Britney Spears
84%
il a joue dans Harry Potter incarnant Harry Potter et également dans insaisissable 2 incarnant Walter Mabry Daniel Radcliffe
78%
il est le créateur du mini iPod Steve Jobs
68%
il incarne le rôle de Pierre Morhange dans Les Choristes Jean-Baptiste Maunier
61%
elle incarne bella swan dans Twilight Kristen Stewart
61%
il est le chanteur de Dragostea Din Teiv O-Zone
49%
elle devient la seconde artiste à détrôner les Beatles (derrière Mariah Carey) en portant à 60 semaines le temps total passé en tête du classement américain avec ses chansons Rihanna
41%
elle etait Miss France 2001 Élodie Gossuin
39%
elle incarne le professeur Minerva McGonagall dans Harry Potter et Violet comtesse douairière de Grantham dans la série Downton Abbey Maggie Smith
35%
il possède la plus grande fortune du monde Jeff Bezos
34%
il est un chanteur jamaïcain son pseudonyme vient du dessin animé scooby-doo Shaggy
10%
il est le fondateur de Myspace Tom
10%
Aucun quiz correspondant
Distribution des résultats
% des personnes avec chaque résultat
Percentile par nombre de réponses
Votre historique - résultats
Vous n’avez pas pris ce quiz